| 000 | 00420nam a22001457a 4500 | ||
|---|---|---|---|
| 003 | OSt | ||
| 005 | 20160727222349.0 | ||
| 008 | 160621b xxu||||| |||| 00| 0 eng d | ||
| 040 | _cTest | ||
| 100 |
_9326 _aPreller, J |
||
| 245 |
_aA.Jigsaw Jones Mystry _bThe Case of Hermie the missing Hamster |
||
| 260 |
_aN.Y _b Scholastic _c1998 |
||
| 300 | _aA.Jigsaw Jones Mystry:The Case of Hermie the missing Hamster | ||
| 942 |
_2ddc _cBK |
||
| 999 |
_c263 _d263 |
||